000 00471 a2200205 4500
260 _bMasson
245 _aTraité de paléontologie
300 _a790p
260 _aParis
650 _aPaléontologie : manuel
260 _c1952
300 _b24 cm
100 _lFr
630 _a56 - Paléontologie - Fossiles
037 _a4331 4335 4330 4334 4333 4337 4336 4332
650 _a5 - SCIENCES PURES
100 _aPiveteau, Jean
999 _c45356
_d45356